Natural Fiber Reinforcement Effect Over Tensile Strength on Developed Composites (Record no. 57542)

MARC details
000 -LEADER
fixed length control field 00331nam a22001097a 4500
100 ## - MAIN ENTRY--AUTHOR NAME
Personal name Abdul Qadeer
-- 13ME29
245 ## - TITLE STATEMENT
Title Natural Fiber Reinforcement Effect Over Tensile Strength on Developed Composites
260 ## - PUBLICATION, DISTRIBUTION, ETC. (IMPRINT)
Place of publication Nawabshah:
Name of publisher QUEST,
Year of publication 2016.
300 ## - PHYSICAL DESCRIPTION
Number of Pages 56p. ;
700 ## - ADDED ENTRY--PERSONAL NAME
Personal name Department of Mechanical Engineering
942 ## - ADDED ENTRY ELEMENTS (KOHA)
Koha item type Thesis and Dissertation
Holdings
Withdrawn status Lost status Home library Current library Date acquired Full call number Accession Number Koha item type
    Central Library, QUEST, Nawabshah Research Section 29/03/2017 13ME29 MEP/28-362 Thesis and Dissertation